Statistics for World Chess Champions

Click here to take the quiz!

General Stats

  • This quiz has been taken 984 times
    (274 since last reset)
  • The average score is 14 of 19

Answer Stats

Country Years Name % Correct
USSR/Russia1985-1993Garry Kasparov
98%
USA1972-1975Bobby Fischer
97%
Norway2012-presentMagnus Carlsen
96%
India2007-2012Viswanathan Anand
91%
USSR1975-1985Anatoly Karpov
91%
Cuba1921-1927Jose Raul Capablanca
87%
USSR1969-1972Boris Spassky
81%
USSR1960-1961Mikhail Tal
79%
Russia2006-2007Vladimir Kramnik
72%
Germany1894-1921Emmanuel Lasker
68%
USSR1937-1946Alexander Alekhine
64%
USSR1927-1935Alexander Alekhine
64%
USSR1958-1960Mikhail Botvinnik
60%
USSR1960-1963Mikhail Botvinnik
60%
USSR1948-1957Mikhail Botvinnik
60%
Czechoslovakia1886-1894Wilhelm Steinitz
59%
USSR1963-1969Tigran Petrosian
57%
Netherlands1935-1937Max Euwe
56%
USSR1957-1958Vasily Smyslov
43%

Score Distribution

Percentile by Number Answered

Percent of People with Each Score

Your Score History

You have not taken this quiz since the last reset